000 00726nam a2200205Ia 4500
003 GCL
005 20240530095622.0
008 140319s9999 xx 000 0 ara d
020 _a154005977
040 _aGCL /
_cGCL
082 0 4 _a813.02
_bط/ل ق
100 1 _aلوسى يعقوب
245 1 0 _aالقراءة 00 هوايتى 00 وحبى :
_bنادر ونادرة /
_cلوسى يعقوب
260 _aالقاهرة :
_bمكتبة الانجلوالمصرية ،
_c1997
300 _a16 ص ؛
_c24 سم
490 _a"سلسلة ثقافية مصورة للاطفال والناشئة "" نادر00 ونادرة"""
_v2
650 0 4 _aقصص الاطفال
650 0 4 _aالاطفال - تعليم
942 _2ddc
_cBK
999 _c8895
_d8895